000 00760nam a2200229Ii 4500
003 JO-AjNU
008 230605s9999||||xx |||||||||||||| ||und||
017 _a2015/11/5550
020 _a978-9957-568-98-6
040 _aJO-AjNU
_bara
_erda
_cJO-AjNU
041 _aara
050 1 4 _aPJ7846.A79 2016
100 3 _aمراشدة، عبد الرحيم,
_eauthor
_958882
245 0 0 _aكتاب الوجد والورد: نصوص شعرية
250 _a1
264 3 1 _aعمان: دار البيروني للنشر والتوزيع، 2016
300 _a108ص
336 _atext
_btxt
_2rdacontent
337 _aunmediated
_bn
_2rdamedia
338 _avolume
_bnc
_2rdacarrier
650 4 _aالشعر العربي-العصر الحديث-ادب عربي
_958883
999 _aA26469
_c30037
_d30037